| 000 | 03654cas a2200733 a 4500 | ||
|---|---|---|---|
| 999 |
_c342505 _d342505 |
||
| 001 | 11196669 | ||
| 003 | NUST | ||
| 005 | 20171228123105.0 | ||
| 008 | 780930c19789999miu x 0 a0eng | ||
| 010 | _a 76046132 | ||
| 016 | 7 |
_a011144883 _2Uk |
|
| 016 | _a(AMICUS)000000787964 | ||
| 022 | 0 |
_a0276-8178 _l0276-8178 _21 |
|
| 035 | _a(OCoLC)ocm04254388 | ||
| 037 | _bGale, 27500 Drake Rd., Farmington Hills, MI 48331-3535 | ||
| 040 |
_aDLC _beng _cDLC _dOCL _dDLC _dOCL _dNSD _dNST _dDLC _dOCL _dDLC _dOCL _dNSD _dDLC _dNST _dDLC _dOCL _dIUL _dOCL _dHUL _dNST _dWAU _dSYS _dGUA _dOCLCQ _dNLGGC _dLVB _dDLC _dCLU _dCUI _dDLC _dOCLCQ _dTXA _dOCLCQ _dUMC _dUKMGB _dOCLCQ _dCOD _dOCLCF _dOCL _dCOD _dOCLCO _dTC@ _dOCLCQ _dNLC |
||
| 042 |
_apcc _ansdp |
||
| 050 | 0 | 0 |
_aPN771 _b.G27 |
| 082 | 0 | 4 |
_a809.04 _bREF |
| 210 | 0 | _aTwent.-century lit. crit. | |
| 222 | 0 | _aTwentieth-century literary criticism | |
| 245 | 0 | 0 | _aTwentieth-century literary criticism. |
| 246 | 1 | 3 |
_aTCLC _f<v. 78-> |
| 260 |
_aDetroit, Mich. : _bGale Research Co., _c1978 |
||
| 300 |
_avolumes ; _c29 cm. |
||
| 310 |
_aIrregular, _b1981- |
||
| 321 |
_aAnnual, _b1978-1980 |
||
| 336 |
_atext _btxt _2rdacontent |
||
| 337 |
_aunmediated _bn _2rdamedia |
||
| 338 |
_avolume _bnc _2rdacarrier |
||
| 362 | 0 | _aVol. 14 | |
| 490 | 1 |
_3<Vol. 323-> : _aGale literary criticism series |
|
| 500 | _aPublished: Farmington Hills, MI : Thomson Gale, 2002- ; Farmington Hills, MI : Gale Cengage Learning, <2009-> | ||
| 555 | _aVols. for -1991 contain a cumulative author and nationality index covering all of the literature series in each volume, as well as a cumulative title index in first vol. published each year; 1992- have a separately issued annual cumulative title index. | ||
| 588 | _aLatest issue consulted: Volume 323, published 2016. | ||
| 590 | _aSERBIB/SERLOC merged record | ||
| 648 | 7 |
_a1800-1999 _2fast _97812 |
|
| 650 | 0 |
_aLiterature, Modern _y20th century _xHistory and criticism _vPeriodicals. _97813 |
|
| 650 | 0 |
_aLiterature, Modern _y19th century _xHistory and criticism _vPeriodicals. _97814 |
|
| 650 | 6 |
_aLittérature _y20e siècle _vBibliographie. _97815 |
|
| 650 | 6 |
_aLittérature _y20e siècle _xHistoire et critique. _97816 |
|
| 650 | 7 |
_aLiterature, Modern. _2fast _0(OCoLC)fst01000172 _97817 |
|
| 650 | 1 | 7 |
_aLetterkunde. _2gtt _97818 |
| 655 | 7 |
_aCriticism, interpretation, etc. _2fast _0(OCoLC)fst01411635 _97819 |
|
| 655 | 7 |
_aPeriodicals. _2fast _0(OCoLC)fst01411641 _92739 |
|
| 710 | 2 |
_aGale Research Company. _97820 |
|
| 710 | 2 |
_aThomson Gale (Firm) _97821 |
|
| 710 | 2 |
_aGale (Firm) _97822 |
|
| 776 | 0 | 8 |
_iOnline version: _tTwentieth-century literary criticism _w(DLC) 2010263442 _w(OCoLC)557498501 |
| 787 | 0 | 8 |
_iOnline database version: _tTwentieth-century literary criticism. _d[Detroit] : [Gale Research Co.] _w(DLC) 2011251152 _w(OCoLC)748444715 |
| 830 | 0 |
_aGale literary criticism series. _97823 |
|
| 906 |
_a7 _bcbc _cserials _d2 _encip _f19 _gn-oclcserc |
||
| 942 |
_2ddc _cBK |
||